The management process : (Record no. 188957)
[ view plain ]
| 000 -LEADER | |
|---|---|
| fixed length control field | 01005 a2200193 4500 |
| 003 - CONTROL NUMBER IDENTIFIER | |
| control field | Nust |
| 005 - DATE AND TIME OF LATEST TRANSACTION | |
| control field | 20230321104213.0 |
| 020 ## - INTERNATIONAL STANDARD BOOK NUMBER | |
| International Standard Book Number | 0-02-381650-3 |
| 040 ## - CATALOGING SOURCE | |
| Transcribing agency | Nust |
| 082 ## - DEWEY DECIMAL CLASSIFICATION NUMBER | |
| Classification number | 658,MIN |
| 100 1# - MAIN ENTRY--PERSONAL NAME | |
| Personal name | Miner, John B. |
| 9 (RLIN) | 110735 |
| 245 04 - TITLE STATEMENT | |
| Title | The management process : |
| Remainder of title | theory, research, and practice / |
| Statement of responsibility, etc. | John B. Miner |
| 250 ## - EDITION STATEMENT | |
| Edition statement | 2nd ed. |
| 260 ## - PUBLICATION, DISTRIBUTION, ETC. | |
| Place of publication, distribution, etc. | New York, |
| Name of publisher, distributor, etc. | Macmillan pub |
| Date of publication, distribution, etc. | 1978 |
| 300 ## - PHYSICAL DESCRIPTION | |
| Extent | 634 p. |
| 505 ## - FORMATTED CONTENTS NOTE | |
| Formatted contents note | Theoretical and Historical Orientations (Page-3), The Linking Functions Decision Making Communication and Bargaining (Page-98), Establishing Role Prescriptions Policy Planning (Page-189), Establishing Role Prescriptions Organization Planning (Page-257), Improving Organizational Inputs Supervising (Page-369), Sustaining and Restoring Inputs Potential Level Coordination and Controlling (Page-449), Dealing with Internal and External Relations Staffing and Representing (Page-523), Careers in Management (Page-607). |
| 650 ## - SUBJECT ADDED ENTRY--TOPICAL TERM | |
| Topical term or geographic name entry element | The management process |
| 9 (RLIN) | 110762 |
| 942 ## - ADDED ENTRY ELEMENTS (KOHA) | |
| Source of classification or shelving scheme | |
| Koha item type | Book |
| Withdrawn status | Lost status | Source of classification or shelving scheme | Damaged status | Not for loan | Permanent Location | Current Location | Shelving location | Date acquired | Full call number | Barcode | Date last seen | Price effective from | Koha item type | Public note |
|---|---|---|---|---|---|---|---|---|---|---|---|---|---|---|
| Military College of Signals (MCS) | Military College of Signals (MCS) | General Stacks | 12/12/2016 | 658,MIN | MCS21443 | 12/08/2016 | 12/12/2016 | Book | Almirah No.75, Shelf No.1 |
